[Event "GRE-ch U16 Girls"]
[Site "Peristeri"]
[Date "2023.07.09"]
[Round "9"]
[White "Lampou, Marianta"]
[Black "Lelentzi, Eleftheria"]
[Result "0-1"]
[WhiteElo "1537"]
[BlackElo "1270"]
[PlyCount "114"]
[EventDate "2023.07.03"]
[EventType "swiss"]
[EventRounds "9"]
[EventCountry "GRE"]
[SourceTitle "EXT 2024"]
[Source "ChessBase"]
[SourceDate "2023.10.10"]
[SourceVersion "1"]
[SourceVersionDate "2023.10.10"]
[SourceQuality "1"]

1. d4 Nf6 2. c4 e6 3. Nf3 Bb4+ 4. Nbd2 b6 5. a3 Bxd2+ 6. Bxd2 h6 7. g3 Nc6 8. Bg2 Bb7 9. 0-0 d5 10. b4 dxc4 11. Ne5 Nd5 12. Qa4 a6 13. Nxc6 Qd7 14. e4 Bxc6 15. Qc2 Ne7 16. Qxc4 Bb5 17. Qc3 Bxf1 18. Rxf1 0-0 19. Rc1 Rac8 20. Qc4 Qb5 21. Qxb5 axb5 22. Bf4 Rfd8 23. Be3 f6 24. Bh3 f5 25. exf5 exf5 26. Re1 Kf7 27. Rd1 g5 28. d5 Rxd5 29. Rxd5 Nxd5 30. Bxf5 Re8 31. Bd7 Re7 32. Bxb5 Nxe3 33. fxe3 Rxe3 34. Bc4+ Kf6 35. a4 Ra3 36. Bb5 Rb3 37. Kf2 Ke5 38. Ke2 Kd6 39. Kd2 c6 40. Bd3 Rxb4 41. Bc2 Rb2 42. Kc3 Rxc2+ 43. Kxc2 Kd5 44. Kc3 c5 45. h4 gxh4 46. gxh4 h5 47. Kd3 c4+ 48. Kc3 Kc5 49. a5 bxa5 50. Kc2 Kd4 51. Kd2 c3+ 52. Kc2 Kc4 53. Kc1 Kd3 54. Kd1 c2+ 55. Kc1 a4 56. Kb2 Kd2 57. Ka2 a3 0-1